01419nam a2200301 i 4500003000900000005001700009007000300026008004100029020001800070040003000088041000800118082001700126100003900143245008800182264007500270300002700345336002700372337003400399338002800433500007200461520028700533590002700820700005300847910001400900942001400914952017200928999001701100DO-SdBNP20250714140917.0ta250714b2018 dr ao|| r ||| 00| p spa d a9789945597660 aDO-SdBNPbspacBNPHUerda aspa 4axxxbE772221 aEspinal, Pedroeautor4aut.98027513aLa voz que han visto mis ojos /cPedro Espinal ; prólogo, Gerardo Castillo Javier 1aSanto Domingo :bDragón editorial, bEditora Amigo del Hogar,c2018. a110 páginas c22 cm. atextobtxt2rdacontent asin mediación bn2rdamedia avolumenbnc2rdacurrier aIncluye datos biografícos del autor en la solapa de la cubierta.  aEl título de este libro apela a una de las características más sobresalientes del arte que conocemos a partir de la Primera Guerra Mundial (1914), y cuya manifestación en nuestra lengua alcanzó su máxima expresión en la poesía de la Generación del 27, en España. aInventariado, 2025/ YL1 aCastillo Javier, Gerardo eprólogo4pr.988351 aYLockward 2ddccLBS1 00102ddc51708PDaBNPHUbBNPHUcCTd2022-11-24eDonado por Isaolyn Miesesl0oBNPHU PD xxx E77p2025-6567r2025-07-14w2025-07-14yLBS1zAutografiado por el autor.  c59534d59534